000 00196nam a2200085Ia 4500
008 180219s9999 xx 000 0 und d
100 _aAgarwal Manoj
245 0 _aChanakayniti Sampuran
260 _aMathura Pub
260 _c2011
999 _c43035
_d43035